000 00805nam a22002777a 4500
003 CHAP
005 20220329140215.0
008 971013c19841970 r 00010 d
010 _a48553
011 _a49525
035 _a53674
040 _cCHAP
082 _a574
_bR55Y
100 0 0 _aRiley, James F.
_997429
245 _aintroducción a la biología
260 _aMadrid :
_bAlianza,
_c1984 (c.1970)
300 _a197 p.
_b: ilus.
590 _aBATCH-UPD
_b10
_c20130110
_lUCH01
_h1805
590 _aBATCH-UPD
_b10
_c20130410
_lUCH01
_h1141
590 _aBATCH-UPD
_b10
_c20130914
_lUCH01
_h0633
590 _aCONVERSION
_b10
_c20130109
_lUCH01
_h1326
650 1 4 _aBiología.
_912773
901 _aBK
942 _cLIBRO
949 _a574 R55Y
_bBC
_cLIBRO
_d33724000459327
_eLIBRO
_h64719
_i53674
_si
_t199.00
999 _c48553
_d48553